Представление документа в формате RUSMARC

ПолеНазваниеЗначение
  Тип записи a
  Библиографический уровень a
001 Контрольный номер RU/CBS_UL/BASE/99ed6172852d48869965ef443d395fac
005 Дата корректировки 20240907162115.7
100 Данные общей обработки __
a Данные общей обработки 20240907 ||| 0rusy0189 ca
101 Язык документа 0_
a Язык текста rus
102 Страна публикации __
a Страна публикации RU
200 Заглавие и сведения об ответственности 1_
a Заглавие Диагностический инструментарий по оценке уровня владения русским языком для детей-инофонов и билингвов 8-13 лет
e Сведения, относящиеся к заглавию [статья]
f Первые сведения об ответственности М. Н. Павлова
300 Общие примечания __
a Общие примечания 16+
461 Уровень набора _0
1 2000
a Халах Шкуле
463 Уровень физической единицы _0
1 2000
a № 4
v С.3-9 : ил.
1 2101
d 2024
1 001RU/CBS_UL/BASE/84b58fb936534e26a252edbd2e191c16
606 Тематические рубрики 0_
a Основная рубрика Методика преподавания русского языка
610 Ключевые слова 0_
a Ключевые слова уроки
610 Ключевые слова 0_
a Ключевые слова образование
610 Ключевые слова 0_
a Ключевые слова языки
610 Ключевые слова 0_
a Ключевые слова диагностика
610 Ключевые слова 0_
a Ключевые слова языковая диагностика
686 Индексы других классификаций __
2 Код системы rubbk
a Классификационный индекс 74.268.1Рус
700 Автор _1
a Фамилия Павлова
b Имя (инициалы) М. Н.
801 Источник записи _0
a Страна RU
b Организация МБУК ЦБС г. Ульяновска
c Дата составления 20240907
g Правила каталогизации RCR
801 Источник записи _1
a Страна RU
b Организация МБУК ЦБС г. Ульяновска
c Дата составления 20240907
g Правила каталогизации RCR
901 Тип документа __
t Тип документа b
w Контрольный № источника RU/CBS_UL/BASE/84b58fb936534e26a252edbd2e191c16
909 Создатель записи __
a Создатель записи lib17